书目信息 |
| 题名: |
炫餐厅
|
|
| 作者: | ;家居主张编辑部 编 | |
| 分册: | ||
| 出版信息: | 上海 上海辞书出版社 2007.08 |
|
| 页数: | 240页 | |
| 开本: | 30cm | |
| 丛书名: | ||
| 单 册: | ||
| 中图分类: | TU247.3-64 | |
| 科图分类: | ||
| 主题词: | 餐厅--can ting--室内设计--中国--现代--图集 | |
| 电子资源: | ||
| ISBN: | 978-7-5326-2294-8 | |
| 000 | 01012nam0 2200253 450 | |
| 001 | 012008103483 | |
| 005 | 20080419151511.17 | |
| 010 | @a978-7-5326-2294-8@b精装@dCNY228.00 | |
| 100 | @a20080419d2007 em y0chiy0120 ea | |
| 101 | 0 | @achi |
| 102 | @aCN@b310000 | |
| 105 | @aa z 000yy | |
| 106 | @ar | |
| 200 | 1 | @a炫餐厅@Axuan can ting@e最新风格餐厅设计@d= Top restaurant@emodern restaurant design@zeng |
| 210 | @a上海@c上海辞书出版社@d2007.08 | |
| 215 | @a240页@c图@d30cm | |
| 330 | @a本书精选了新近在全国各地开张的,均由著名设计师倾力打造、设计而成的餐厅项目,以其风格为描述主题,运用专业的文字描述以及精美的高清晰度现场照片,来展现各种风格的餐厅空间设计。 | |
| 510 | 1 | @aTop restaurant@emodern restaurant design@zeng |
| 517 | 1 | @a最新风格餐厅设计@Azui xin feng ge can ting she ji |
| 606 | 0 | @a餐厅@Acan ting@x室内设计@y中国@z现代@j图集 |
| 690 | @aTU247.3-64@v4 | |
| 711 | 02 | @a家居主张编辑部@Ajia ju zhu zhang bian ji bu@4编 |
| 801 | 0 | @aCN@bQSSK@c20080419 |
| 905 | @b293609@dTU247.3-64@eJ227@f1 | |
| 炫餐厅:最新风格餐厅设计= Top restaurant:modern restaurant design.-上海:上海辞书出版社,2007.08 |
| 240页:图;30cm |
| ISBN 978-7-5326-2294-8(精装):CNY228.00 |
| 本书精选了新近在全国各地开张的,均由著名设计师倾力打造、设计而成的餐厅项目,以其风格为描述主题,运用专业的文字描述以及精美的高清晰度现场照片,来展现各种风格的餐厅空间设计。 |
| ● |
| 相关链接 |
|
|
|
正题名:炫餐厅
索取号:TU247.3-64/J227
 
预约/预借
| 序号 | 登录号 | 条形码 | 馆藏地/架位号 | 状态 | 备注 |
| 1 | 293609 | 202936092 | 建筑库101/101建筑库 70排2列1层/ [索取号:TU247.3-64/J227] | 在馆 |